The Banger Sisters (Record no. 25042)

MARC details
000 -LEADER
fixed length control field 01786ngm a2200397 4500
003 - CONTROL NUMBER IDENTIFIER
control field dpl
005 - DATE AND TIME OF LATEST TRANSACTION
control field 20090312113051.0
007 - PHYSICAL DESCRIPTION FIXED FIELD--GENERAL INFORMATION
fixed length control field DVD
008 - FIXED-LENGTH DATA ELEMENTS--GENERAL INFORMATION
fixed length control field ||||||sp199 xxu|||||c|||| 00| 0 eng d
010 ## - LIBRARY OF CONGRESS CONTROL NUMBER
LC control number DVD-001707-1709
024 ## - OTHER STANDARD IDENTIFIER
Standard number or code FOX 2053
Terms of availability 299.00
035 ## - SYSTEM CONTROL NUMBER
System control number DVD-001707-1709
040 ## - CATALOGING SOURCE
Original cataloging agency DPL
Transcribing agency DPL
082 ## - DEWEY DECIMAL CLASSIFICATION NUMBER
Classification number DVD / BANG
245 ## - TITLE STATEMENT
Title The Banger Sisters
Statement of responsibility, etc Fox Searchlight Pictures Presents
Medium [videorecording] DVD/
260 ## - PUBLICATION, DISTRIBUTION, ETC. (IMPRINT)
Name of publisher, distributor, etc 20th Century Fox Presents
300 ## - PHYSICAL DESCRIPTION
Extent 2 videodisc VCD;
Other physical details sd., col. ;
Dimensions 4 3/4 in.
Type of unit VCD
440 ## - SERIES STATEMENT/ADDED ENTRY--TITLE
Title 20th Centyry Fox Home Entertainment
500 ## - GENERAL NOTE
General note Sole Distributor in India M/s. Excel Productions Autio Visuals Pvt. Ltd.
500 ## - GENERAL NOTE
General note This DVD is Copy Protected
538 ## - SYSTEM DETAILS NOTE
System details note Dolby Digital 5.1-English Subtitles: English,Thai,
538 ## - SYSTEM DETAILS NOTE
System details note Aspect Ratio: 2.35:1, Presentation type: Wide Screen, Presentation Size 16x9 Format DVD 9 Dual Layer Single Sided Disc.
650 ## - SUBJECT ADDED ENTRY--TOPICAL TERM
Topical term or geographic name as entry element Motion Picture
700 ## - ADDED ENTRY--PERSONAL NAME
Personal name Hawn, Goldie
700 ## - ADDED ENTRY--PERSONAL NAME
Personal name Sarandon, Susan
700 ## - ADDED ENTRY--PERSONAL NAME
Personal name Rush, Geoffrey
700 ## - ADDED ENTRY--PERSONAL NAME
Personal name Christensen, Erika
700 ## - ADDED ENTRY--PERSONAL NAME
Personal name Thomas, Robin
700 ## - ADDED ENTRY--PERSONAL NAME
Personal name Rabin, Trevor
700 ## - ADDED ENTRY--PERSONAL NAME
Personal name Crowe, Maureen
942 ## - ADDED ENTRY ELEMENTS (KOHA)
Koha item type CD-ROMs, DVDs, VHS
Source of classification or shelving scheme Dewey Decimal Classification
Classification part DVD
Call number suffix BANG
Holdings
Withdrawn status Lost status Source of classification or shelving scheme Damaged status Not for loan Home library Current library Date acquired Source of acquisition Cost, normal purchase price Total Checkouts Full call number Barcode Date last seen Date checked out Copy number Cost, replacement price Price effective from Koha item type
    Dewey Decimal Classification     Central Library Central Library 12/03/2009 Purchase 299.00 4 DVD BANG DVD-001707 18/11/2009 04/11/2009 1 299.00 12/03/2009 CD-ROMs, DVDs, VHS
    Dewey Decimal Classification     Patel Nagar Patel Nagar 12/03/2009 Purchase 299.00 5 DVD BANG DVD-001709 30/06/2010 22/06/2010 1 299.00 12/03/2009 CD-ROMs, DVDs, VHS
    Dewey Decimal Classification     Sarojini Nagar Sarojini Nagar 12/03/2009 Purchase 299.00 8 DVD BANG DVD-001708 08/06/2013 08/06/2013 1 299.00 12/03/2009 CD-ROMs, DVDs, VHS

© Delhi Public Library
Hit Counter
free hit counter